| 000 | 00692nam a22002537a 4500 | ||
|---|---|---|---|
| 003 | CHAP | ||
| 005 | 20220329134542.0 | ||
| 008 | 971013s1918 r 00010 d | ||
| 010 | _a22088 | ||
| 011 | _a23060 | ||
| 035 | _a27155 | ||
| 040 | _cCHAP | ||
| 082 |
_a636.3 _bC63 |
||
| 100 | 0 | 0 |
_aCoffey, Walter Castella. _924347 |
| 245 | _aProductive sheep hus bandry | ||
| 260 |
_aPhiladelphia : _bLippincott, _c1918 |
||
| 300 |
_a479 p. _b: ilus. |
||
| 590 |
_aBATCH-UPD _b10 _c20130110 _lUCH01 _h2107 |
||
| 590 |
_aCONVERSION _b10 _c20130109 _lUCH01 _h1313 |
||
| 650 | 1 | 4 |
_aGanado lanar. _945150 |
| 901 | _aBK | ||
| 942 | _cLIBRO | ||
| 949 |
_a636.3 C63 _bBC _cBPA _d-62837 _eBPA _h24573 _i27155 _si |
||
| 999 |
_c22088 _d22088 |
||